000 00439nam a22001697a 4500
005 20180519105508.0
008 160520b xxu||||| |||| 00| 0 eng d
020 _a978-81-203-4213-2
041 _aeng
082 _b3349
_a519.2
100 _aJohnsen R.a.
_9837
245 _aProbability and Statistics fun Engineers
260 _aNew Delhi
_bPHI learning Pvt. Ltd.
300 _a544
650 _aDIPLOMA ENGINEERING
_9817
942 _cBK
999 _c1149
_d1149